| 000 | 00828cam a2200289Ia 4500 | ||
|---|---|---|---|
| 001 | 10059701 | ||
| 003 | ARRUPE | ||
| 005 | 20131008173753.0 | ||
| 008 | 120911s2012 rh 000 f eng | ||
| 020 | _a9781779221872 | ||
| 020 | _a1779221878 | ||
| 024 | _a99950906374 | ||
| 035 | _a(OCoLC)809691065 | ||
| 035 | _a(OCoLC)ocn809691065 | ||
| 035 | _a(NNC)10059701 | ||
| 040 |
_aNUI _cNUI _dYDXCP _dCDX |
||
| 050 | 4 |
_aPR9390.9.M54 _bR8 2012 |
|
| 100 | 1 |
_aMlalazi, Christopher. _92311 |
|
| 245 | 1 | 0 |
_aRunning with mother / _cby Christopher Mlalazi. |
| 260 |
_aHarare : _bWeaver Press, _c2012. |
||
| 300 |
_av, 141 p. ; _c22 cm. |
||
| 650 | 0 |
_aSchoolgirls _zZimbabwe _vFiction. _92312 |
|
| 650 | 0 |
_aAtrocities _zZimbabwe _vFiction. _92313 |
|
| 942 |
_2lcc _cMONOGRAPH |
||
| 948 | 1 |
_a20121207 _bc _cdk2679 _dMPS |
|
| 999 |
_c118294 _d118294 |
||